Deontología Jurídica : (Record no. 23637)

000 -CABECERA
fixed length control field 01137nam a22002657i 4500
003 - IDENTIFICADOR DEL NÚMERO DE CONTROL
control field AR-CdUCM
008 - DATOS DE LONGITUD FIJA--INFORMACIÓN GENERAL
fixed length control field 260424b20202020 pe||||| |||| 00| 0 spa d
020 ## - NÚMERO INTERNACIONAL ESTÁNDAR DEL LIBRO
ISBN 978-612-47959-4-7
040 ## - FUENTE DE LA CATALOGACIÓN
Agencia/entidad que catalogó originalmente la obra MUNICIPALIDAD PROVINCIAL DEL CUSCO
Entidad que transcribió la catalogación BIBLIOTECA MUNICIPAL DEL CUSCO
082 ## - NÚMERO DE LA CLASIFICACIÓN DECIMAL DEWEY
No. de Clasificación 341.8
Notacion interna A59
100 ## - ENTRADA PRINCIPAL--NOMBRE DE PERSONA
Nombre Personal Andia Chávez, Juan
245 ## - MENCIÓN DE TÍTULO
Título Deontología Jurídica :
Resto del título Ética y función social de la abogacía jurisprudencia y legislación sobre la función del abogado /
260 ## - PUBLICACIÓN, DISTRIBUCIÓN, ETC.
Lugar de publicación, distribución, etc. Lima-Perú:
Nombre de la editorial, distribuidor, etc. Ediciones Arte & Pluma
Fecha de publicación, distribución, etc. 2020
300 ## - DESCRIPCIÓN FÍSICA
Nº de Páginas Extensión 314 páginas. :
Dimensiones 24x17 cm.
500 ## - NOTA GENERAL
Bibliografía Paginas: 307-314
505 ## - NOTA DE CONTENIDO CON FORMATO
Nota de contenido formateada Importancia de la deontología jurídica -- Crisis de la deontología -- La costumbre -- La moral -- La Ética -- Abogacía en la edad antigua, Edad media, moderna, contemporánea -- Perfil de abogado -- Abogacía y las corporaciones gremiales -- Crisis de la abogacía
650 ## - PUNTO DE ACCESO ADICIONAL DE MATERIA--TÉRMINO DE MATERIA
Descriptor Ética
9 (RLIN) 1337
650 ## - PUNTO DE ACCESO ADICIONAL DE MATERIA--TÉRMINO DE MATERIA
Descriptor Moral
9 (RLIN) 4056
650 ## - PUNTO DE ACCESO ADICIONAL DE MATERIA--TÉRMINO DE MATERIA
Descriptor Misión
9 (RLIN) 20322
650 ## - PUNTO DE ACCESO ADICIONAL DE MATERIA--TÉRMINO DE MATERIA
Descriptor Función Social
9 (RLIN) 52698
650 ## - PUNTO DE ACCESO ADICIONAL DE MATERIA--TÉRMINO DE MATERIA
Descriptor Crisis de la abogacía
9 (RLIN) 52699
942 ## - ELEMENTOS DE PUNTO DE ACCESO ADICIONAL (KOHA)
Fuente de clasificación
Tipo de item Libros-BMC
945 ## - PROCESAMIENTO DE INFORMACIÓN LOCAL (OCLC)
Catalogador pbjr
AAAA-MM-DD - Fecha de ingreso o modificacion 24-04-2026
Holdings
Estado de retiro (separado) Fuente de clasificación o esquema de estanterías Estado dañado Ubicación Sala donde se ubica Nombre de la colección Fecha de adquisición o compra Fuente de adquisición Costo, precio normal en soles Signatura topográfica Código de Barras Última vez visto (Koha) Tipo de ítem (Koha)
No     Sala Humanidades Sala Humanidades Book Cart 2026-04-24 Donación 35.00 341.8 / A59 SH0000017114 2026-04-24 Libros-BMC

Powered by Koha